| 000 | 00978cam a2200217 4500 | ||
|---|---|---|---|
| 001 | WB3918-11 | ||
| 008 | 030514n2003 000 0 eng u | ||
| 035 | _a(Sirsi) u122272 | ||
| 245 | _aDanger to house values | ||
| 260 | _c2003 | ||
| 490 |
_aPlanning (for the Natural and Built Environment) _v25 April 2002, 2(1) |
||
| 520 | _aA DfT report examining the impact of aircraft noise on house prices reveals that house prices in the Heathrow area could drop by £256m if a third runway is built. This assumption is based on a one decibel increase in noise resulting in a fall in house prices of between 0.5 and 1%. View "Noise impacts of airport developments" at www.aviation.dft.gov.uk/noiseimpact/pdf/noiseimpact.pdf. | ||
| 590 | _aWB | ||
| 650 | _aHEATHROW | ||
| 650 | _aAIRCRAFT NOISE | ||
| 650 | _aAIRPORT DEVELOPMENT | ||
| 650 | _aAIRPORT EXPANSION | ||
| 650 | _aHOUSE PRICES | ||
| 690 | _aPROPERTY-RESIDENTIAL PROPERTY-RESIDENTIAL PROPERTY MARKET | ||
| 942 | _n0 | ||
| 999 |
_c72670 _d72670 |
||